| 000 | 00700nam a22002057a 4500 | ||
|---|---|---|---|
| 999 |
_c61651 _d61651 |
||
| 005 | 20240410115455.0 | ||
| 008 | 240410s2008 enk||||| |||| 00| 0 eng d | ||
| 020 | _a9780071479042x | ||
| 041 | _aeng | ||
| 080 | _a615.849 J-76 | ||
| 100 |
_aJohn Ma, O. _921749 |
||
| 245 |
_aEmergency Ultrasound / _cO. John Ma, James Mateer, Michael Blaivas. |
||
| 264 |
_aNew York : _bMcGraw-Hill, _c2008. |
||
| 300 |
_a562 p.: _bill.; _c29 cm. |
||
| 653 | _aგადაუდებელი ულტრაბგერა | ||
| 653 | _aმედიცინა | ||
| 700 |
_aMateer, James _eავტორი _921750 |
||
| 700 |
_aBlaivas, Michael _eავტორი _921751 |
||
| 942 |
_2udc _cᲬᲘᲒᲜᲘ |
||